100 Biggest Cities of Western Europe in 1453 with a Map - Statistics

General Stats
  • This quiz has been taken 584 times
  • The average score is 48 of 100
Answers on the Map
Answers color-coded by a green-red scale on the quiz's map according to % correct below.
 
Answer Stats
Population Cities % Correct
50,000 London
99%
150,000 Paris
98%
8,000 Dublin
96%
8,000 Amsterdam
94%
30,000 Brussels
93%
10,000 Edinburgh
93%
25,000 Lyon
92%
10,000 Marseille
92%
25,000 Vienna
90%
20,000 Bordeaux
89%
16,000 Hamburg
89%
11,000 Munich
89%
10,000 Nice
89%
40,000 Cologne
88%
24,000 Antwerp
87%
13,000 Toulouse
83%
9,000 Frankfurt am Main
82%
10,000 Bristol
80%
15,000 Lille
79%
12,000 Nantes
79%
45,000 Bruges
76%
60,000 Ghent
76%
20,000 Strasbourg
76%
8,000 Zurich
76%
9,000 Geneva
75%
13,000 York
75%
17,000 Bremen
74%
23,000 Nuremberg
73%
15,000 Utrecht
71%
20,000 Liège
68%
15,000 Avignon
67%
11,000 Montpellier
63%
15,000 Aachen
62%
10,000 Basel
62%
8,000 Norwich
62%
12,000 Orléans
60%
12,000 Rennes
60%
15,000 Rouen
60%
10,000 Dijon
59%
21,000 Lübeck
56%
11,000 Reims
54%
20,000 Metz
52%
8,000 Caen
51%
18,000 Augsburg
50%
14,000 Rostock
50%
8,000 Dortmund
49%
8,000 Groningen
49%
11,000 Tours
49%
22,000 Magdeburg
48%
20,000 Ulm
47%
8,000 Mainz
44%
12,000 Angers
41%
12,000 Maastricht
41%
14,000 Amiens
40%
8,000 Münster
40%
9,000 Trier
39%
9,000 Coventry
38%
11,000 Regensburg
38%
11,000 Haarlem
37%
10,000 Aix-en-Provence
35%
18,000 Erfurt
35%
18,000 Braunschweig
33%
15,000 Poitiers
33%
12,000 Besançon
30%
8,000 Leiden
30%
8,000 Namur
30%
14,000 Leuven
28%
10,000 Worms
28%
11,000 Nijmegen
26%
10,000 Mons
25%
10,000 Troyes
24%
14,000 Arras
23%
10,000 Delft
23%
12,000 Ypres
23%
15,000 Bourges
22%
14,000 Lüneburg
21%
13,000 Stralsund
21%
25,000 Tournai
21%
18,000 Mechelen
20%
14,000 's-Hertogenbosch
20%
10,000 Cambrai
18%
9,000 Dordrecht
18%
10,000 Valenciennes
17%
8,000 Görlitz
16%
12,000 Gouda
16%
12,000 Beauvais
14%
8,000 Douai
14%
9,000 Landshut
14%
8,000 Wismar
14%
9,000 Châlons-en-Champagne
11%
8,000 Hildesheim
11%
14,000 Abbeville
10%
10,000 Laon
10%
14,000 Saint-Omer
10%
8,000 Bonifacio
9%
8,000 Kampen
5%
9,000 Stendal
5%
10,000 Soest
4%
8,000 Esslingen am Neckar
3%
9,000 Mühlhausen
3%
No matching quizzes found
Score Distribution
Percent of People with Each Score
Percentile by Number Answered
Your Score History
You have not taken this quiz